BIBLIOTECA

SENCICO

HS4 suministro de agua : (Registro nro. 4145)

Detalles MARC
000 -LEADER
fixed length control field 00779nam a22002537a 4500
003 - CONTROL NUMBER IDENTIFIER
control field PE SENCICO BE
005 - DATE AND TIME OF LATEST TRANSACTION
control field 20251020182636.0
008 - FIXED-LENGTH DATA ELEMENTS--GENERAL INFORMATION
fixed length control field 230512b |||||||| |||| 00| 0 eng d
020 ## - INTERNATIONAL STANDARD BOOK NUMBER
International Standard Book Number 978-84-96960-15-2
040 ## - CATALOGING SOURCE
Original cataloging agency PE SENCICO BE
Transcribing agency PE SENCICO BE
041 ## - LANGUAGE CODE
Language code of text/sound track or separate title spa
082 ## - DEWEY DECIMAL CLASSIFICATION NUMBER
Classification number 628.1
Item number C23
-- 2008
110 1# - MAIN ENTRY--CORPORATE NAME
9 (RLIN) 478
Corporate name or jurisdiction name as entry element Cano Pina S. L.
245 1# - TITLE STATEMENT
Title HS4 suministro de agua :
Remainder of title normativa para instalaciones interiores de agua /
Statement of responsibility, etc. Cano Pina S.L.
250 ## - EDITION STATEMENT
Edition statement 2a ed.
260 ## - PUBLICATION, DISTRIBUTION, ETC.
Place of publication, distribution, etc. [Barcelona]:
Name of publisher, distributor, etc. Ediciones Ceysa,
Date of publication, distribution, etc. 2008
300 ## - PHYSICAL DESCRIPTION
Extent 206 p. :
Other physical details diagrs.,
Dimensions 24 cm.
650 14 - SUBJECT ADDED ENTRY--TOPICAL TERM
9 (RLIN) 103
Topical term or geographic name entry element Instalaciones sanitarias
650 24 - SUBJECT ADDED ENTRY--TOPICAL TERM
9 (RLIN) 355
Topical term or geographic name entry element Abastecimiento de agua
650 24 - SUBJECT ADDED ENTRY--TOPICAL TERM
9 (RLIN) 476
Topical term or geographic name entry element Normas de construcción
651 10 - SUBJECT ADDED ENTRY--GEOGRAPHIC NAME
9 (RLIN) 1025
Geographic name España
910 ## - USER-OPTION DATA (OCLC)
-- hfp
-- hfp
942 ## - ADDED ENTRY ELEMENTS (KOHA)
Source of classification or shelving scheme Dewey Decimal Classification
Koha item type Libros
Existencias
Fecha de la última vez que lo usaron Número de ingreso o de inventario Pago total Signatura topográfica completa Precio efectivo desde Tipo de documento Estado perdido Sistema de clasificación Estado dañado No es para préstamo Retirado Ubicación permanente Ubicación actual Fecha de adquisición
12/05/2023 16121   696.12/C1/2008 12/05/2023 Libros   Dewey Decimal Classification       Biblioteca Central Lima Biblioteca Central Lima 12/05/2023